| 000 | 00743nam a2200253Ia 4500 | ||
|---|---|---|---|
| 003 | OSt | ||
| 005 | 20220928121600.0 | ||
| 006 | a|||||r|||| 00| 0 | ||
| 007 | ta | ||
| 008 | 220927b |||||||| |||| 00| 0 eng d | ||
| 020 | _cINR 995.00 | ||
| 024 | _a139470 | ||
| 037 |
_b035, 30/01/2019, Kiran Book Service _cTextual |
||
| 040 |
_aSDCL _cSDCL _beng |
||
| 041 |
_2eng _aeng |
||
| 082 | _aVv, Q5 | ||
| 100 |
_aGuha Sudeshna _9453429 |
||
| 245 | 0 |
_aArtefacts of history _b Archaeology,historiography and Indian pasts |
|
| 260 |
_aNew Delhi _bSage _c2015 |
||
| 300 |
_axiii,273p. _ccm. |
||
| 650 | _aHistory | ||
| 942 |
_hVv, Q5 _cTEXL _2CC |
||
| 999 |
_c767318 _d767318 |
||